Central Library OPAC University of Rajshahi

DNA repair and mutagenesis / (Record no. 36815)

MARC details
000 -LEADER
fixed length control field 00976nam a22002894a 4500
001 - CONTROL NUMBER
control field 36815
003 - CONTROL NUMBER IDENTIFIER
rucl marc code (BD-RjUL
005 - DATE AND TIME OF LATEST TRANSACTION
control field 20211209052539.0
008 - FIXED-LENGTH DATA ELEMENTS--GENERAL INFORMATION
fixed length control field 140915s2006 dcua b 001 0 eng
020 ## - INTERNATIONAL STANDARD BOOK NUMBER
International Standard Book Number 1555813194
035 ## - SYSTEM CONTROL NUMBER
System control number (BD-RjUL)36917
040 ## - CATALOGING SOURCE
Original cataloging agency DLC
Transcribing agency DLC
Modifying agency DLC
-- BD-RjUL
082 00 - DEWEY DECIMAL CLASSIFICATION NUMBER
Classification number 572.86459
Edition number 22
245 00 - TITLE STATEMENT
Title DNA repair and mutagenesis /
Statement of responsibility, etc. Errol C. Friedberg ... [et al.].
250 ## - EDITION STATEMENT
Edition statement 2nd ed.
260 ## - PUBLICATION, DISTRIBUTION, ETC. (IMPRINT)
Place of publication, distribution, etc. Washington, D.C. :
Name of publisher, distributor, etc. ASM Press,
Date of publication, distribution, etc. c2006.
300 ## - PHYSICAL DESCRIPTION
Pagination xxix, 1118 p. :
Illustrations ill. (some col.) ;
Size 29 cm.
500 ## - GENERAL NOTE
General note Rev. ed. of: DNA repair and mutagenesis / Errol C. Friedberg, Graham C. Walker, Wolfram Siede. c1995.
504 ## - BIBLIOGRAPHY, ETC. NOTE
Bibliography, etc Includes bibliographical references and index.
650 #0 - SUBJECT ADDED ENTRY--TOPICAL TERM
Topical term or geographic name as entry element DNA repair.
9 (RLIN) 112298
Topical term or geographic name as entry element Mutagenesis.
9 (RLIN) 37625
700 1# - ADDED ENTRY--PERSONAL NAME
Personal name Friedberg, Errol C.
Personal name Friedberg, Errol C.
942 ## - ADDED ENTRY ELEMENTS (KOHA)
Source of classification or shelving scheme Dewey Decimal Classification
Koha item type Books
Holdings
Lost status Source of classification or shelving scheme Damaged status Not for loan Permanent Location Current Location Shelving location Date acquired Total Checkouts Full call number Date last seen Copy number Koha item type
  Dewey Decimal Classification   Not For Loan Institute of Biological Sciences (IBSc) Library Institute of Biological Sciences (IBSc) Library   15/09/2014   572.86459 DNA 2006 15/09/2014 C-1 Books